000
00294nam a22001097a 4500
008
160518b xxu||||| |||| 00| 0 eng d
020
_a
280063264177
041
_a
eng
080
_a
61
245
_a
The infectious diseases manual:
_c
David Wills; Mark Farrington; David Rubentein;
942
_2
udc
_c
BK
999
_c
2203
_d
2203